Jesús y Moisés en diálogo. Significado y función de la figura de Moisés en la obra lucana.

Saved in:
Bibliografiske detaljer
Hovedforfatter: Moreno Sanz, Isaac (autor)
Format: Ukendt
Sprog:engelsk
Udgivet: Navarra, España: Verbo Divino (EVD), 2021.
Serier:Asociación Bíblica Española, Monografías Bíblicas,
Fag:
Tags: Tilføj Tag
Ingen Tags, Vær først til at tagge denne postø!

MARC

LEADER 00000 a2200000 4500
003 CL-VaPUC
005 20231123121023.0
008 231121t2021 ||||| |||| 00| 0 eng d
999 |c 442428  |d 442426 
020 |a 978-84-9073-710-1 
040 |c Pontificia Universidad Católica de Valparaíso 
082 |2 22  |a 226.4 MOR 2021 
100 |a Moreno Sanz, Isaac  |9 885698  |e autor  
245 |a Jesús y Moisés en diálogo.  |b Significado y función de la figura de Moisés en la obra lucana. 
260 |a Navarra, España:  |b Verbo Divino (EVD),  |c 2021. 
300 |a 479 páginas. 
490 |a Asociación Bíblica Española, Monografías Bíblicas,   |n  79. 
583 |k GC  |c 20231121 
600 0 |9 349294  |a Moisés   |x Biblia (Antiguo y Nuevo Testamento)  |x Evangelio de Lucas  
942 |2 ddc  |c BK 
952 |0 0  |1 0  |2 ddc  |4 0  |6 226_400000000000000_MOR_2021  |7 0  |8 A  |9 592433  |a BIBTEO  |b BIBTEO  |d 2023-11-10  |e 8  |g 33250.00  |i 5659452  |o 226.4 MOR 2021  |p 5659452  |r 2025-01-17  |t 1  |v 33250.00  |w 2023-11-10  |y BK  |k ICR